Normal view
MARC view
- Umar, Muhammad Khan
Entry Personal Name
001 - CONTROL NUMBER
- control field: 18855
003 - CONTROL NUMBER IDENTIFIER
- control field: NUST
005 - DATE AND TIME OF LATEST TRANSACTION
- control field: 20190730064054.0
008 - FIXED-LENGTH DATA ELEMENTS
- fixed length control field: 190730|| aca||aabn | a|a d
040 ## - CATALOGING SOURCE
- Original cataloging agency: NUST
- Transcribing agency: NUST
100 ## - HEADING--PERSONAL NAME
- Personal name: Umar, Muhammad Khan
670 ## - SOURCE DATA FOUND
- Source citation: Work cat.: (NUST): Umar, Muhammad Khan, Logistics & Supply Chain Management in Retail Store Sector:, 2015.
